000 00449nab a2200145Ia 4500
003 ES-SlBCS
005 20210601130449.0
008 140529s1961 xxu||||| |||| 00| 0 fre d
041 _afre
100 1 _aBarraud, Jean
_9173292
245 0 0 _aLe corps et l'âme dans la pensée d'A. Ponceau
_c Jean Barraud
600 1 4 _aPonceau, Amédée
_9173168
773 0 _tGiornali di Metafisica
_gvol. 16, nº. 3-4, 1961, págs. 440-449
_w0017-0372
942 _cAR
999 _c547105
_d547105